000 00604cam a2200229 4500
001 J106951
008 000000n1998 000 0 eng u
035 _a(Sirsi) u106951
050 _a333.3370942496
110 _aJones Lang Wootton
_92909
245 _aBirmingham City Report - August 1998
260 _aBirmingham
_bJones Lang Wootton
_c1998
300 _a12p ; 30cm
650 _aPROPERTY-COMMERCIAL PROPERTY
650 _aINDUSTRIAL PROPERTY
650 _aOFFICES
650 _aRENT
650 _aRETAIL
650 _aCOVENTRY
690 _aPROPERTY-COMMERCIAL PROPERTY
942 _n0
999 _c100644
_d100644